<?xml version="1.0" encoding="UTF-8"?>
<collection xmlns="http://www.loc.gov/MARC21/slim">
<record>
  <controlfield tag="001">109548</controlfield>
  <controlfield tag="005">20220201145020.0</controlfield>
  <datafield tag="037" ind1=" " ind2=" ">
    <subfield code="a">TESIS-2022-014</subfield>
  </datafield>
  <datafield tag="041" ind1=" " ind2=" ">
    <subfield code="a">spa</subfield>
  </datafield>
  <datafield tag="080" ind1=" " ind2=" ">
    <subfield code="a">304.2</subfield>
  </datafield>
  <datafield tag="100" ind1="1" ind2=" ">
    <subfield code="a">Esteban Carbonell, Elisa</subfield>
  </datafield>
  <datafield tag="245" ind1="0" ind2="0">
    <subfield code="a">Servicios Sociales y familia: el Programa de Apoyo a las Familias en la ciudad de Zaragoza</subfield>
  </datafield>
  <datafield tag="260" ind1=" " ind2=" ">
    <subfield code="a">Zaragoza</subfield>
    <subfield code="b">Universidad de Zaragoza, Prensas de la Universidad</subfield>
    <subfield code="c">2019</subfield>
  </datafield>
  <datafield tag="300" ind1=" " ind2=" ">
    <subfield code="a">389</subfield>
  </datafield>
  <datafield tag="490" ind1="0" ind2=" ">
    <subfield code="a">Tesis de la Universidad de Zaragoza</subfield>
    <subfield code="x">2254-7606</subfield>
    <subfield code="v">2021-329</subfield>
  </datafield>
  <datafield tag="500" ind1=" " ind2=" ">
    <subfield code="a">Presentado:  18 12 2019</subfield>
  </datafield>
  <datafield tag="502" ind1=" " ind2=" ">
    <subfield code="a">Tesis-Univ. Zaragoza,  , 2019</subfield>
    <subfield code="b">Zaragoza, Universidad de Zaragoza</subfield>
    <subfield code="c">2019</subfield>
  </datafield>
  <datafield tag="520" ind1=" " ind2=" ">
    <subfield code="a">El estudio de la familia y las funciones que ésta desempeña ha sido un tema fundamental en las ciencias sociales, en general y, en la sociología, en particular. Conocer y valorar el papel que juega la familia, el mercado y el Estado en la provisión de bienestar ha sido objeto de estudio de numerosas investigaciones y cuyos resultados aportan un valor incalculable para el diseño de las políticas de familia.&lt;br />Las interacciones entre estos actores sociales se producen en múltiples contextos y varían a lo largo de las décadas, aunque sí que es cierto que existen tendencias que permiten clasificar o conceptualizar los países (o grupos de países) generando modelos de bienestar. En este sentido, cada modelo otorga un protagonismo mayor o menor a la familia en la provisión de bienestar de sus miembros. Las necesidades no cubiertas por la familia abren la puerta a la acción del Estado y/o el mercado. &lt;br />En este contexto, el sistema de servicios sociales se erige con un papel destacado, independientemente de la tipología público/privado, y, en especial, en lo que respecta a la atención de la población más vulnerable, entre la que se destaca la infancia.&lt;br />No es de extrañar, por tanto, que diversas instituciones hayan puesto el foco de atención sobre la infancia y sobre la obligación de prestar los necesarios recursos para el desempeño de las funciones parentales. El Consejo de Europa pone sobre la mesa la prioridad de los estados miembros de la Unión Europea de desarrollar medidas de apoyo a la parentalidad positiva, es decir, recursos que favorezcan el desarrollo de relaciones paterno-filiales beneficiosas y la optimización de desarrollo de la niña y del niño. Ante estas advertencias, los estados y las administraciones encargadas del desarrollo de sus políticas de familia deben incorporar dicha perspectiva, al tiempo que asegurarse de la efectividad de las mismas. Ante esta situación, en este trabajo se plantean algunas de estas cuestiones que, aunque sencillas de formular, no resultan sencillas de responder.&lt;br />Aplicado a un contexto específico como es el caso de Zaragoza, este estudio analiza e identifica el paradigma de intervención del Programa de Apoyo a las Familias a partir de los elementos constitutivos de la perspectiva de la parentalidad positiva, así como su adecuación dentro del entramado necesidad /necesidad no cubierta/ respuesta. Para ello, se lleva a cabo un estudio multidimensional que permite caracterizar el presente programa y valorarlo conforme a las orientaciones sobre la materia.&lt;br /></subfield>
  </datafield>
  <datafield tag="506" ind1=" " ind2=" ">
    <subfield code="a">all-rights-reserved</subfield>
  </datafield>
  <datafield tag="520" ind1=" " ind2=" ">
    <subfield code="a">&lt;br /></subfield>
  </datafield>
  <datafield tag="521" ind1=" " ind2=" ">
    <subfield code="9">7095</subfield>
    <subfield code="a">Programa de Doctorado en Sociología de las Políticas Públicas y Sociales</subfield>
  </datafield>
  <datafield tag="653" ind1="1" ind2=" ">
    <subfield code="a">servicios sociales</subfield>
  </datafield>
  <datafield tag="653" ind1="1" ind2=" ">
    <subfield code="a">familia y parentesco</subfield>
  </datafield>
  <datafield tag="653" ind1="1" ind2=" ">
    <subfield code="a">politicas sociales publicas</subfield>
  </datafield>
  <datafield tag="700" ind1=" " ind2=" ">
    <subfield code="a">GÓMEZ BAHILLO, CARLOS</subfield>
    <subfield code="e">dir.</subfield>
  </datafield>
  <datafield tag="700" ind1=" " ind2=" ">
    <subfield code="a">DEL OLMO VICEN, NURIA</subfield>
    <subfield code="e">dir.</subfield>
  </datafield>
  <datafield tag="710" ind1="2" ind2=" ">
    <subfield code="a">Universidad de Zaragoza</subfield>
    <subfield code="b"> </subfield>
  </datafield>
  <datafield tag="830" ind1=" " ind2=" ">
    <subfield code="9">507</subfield>
  </datafield>
  <datafield tag="856" ind1="0" ind2=" ">
    <subfield code="f">cdeurop@unizar.es</subfield>
  </datafield>
  <datafield tag="856" ind1="4" ind2=" ">
    <subfield code="u">http://zaguan.unizar.es/record/109548/files/TESIS-2022-014.pdf</subfield>
    <subfield code="z">Texto completo (spa)</subfield>
    <subfield code="s">3525192</subfield>
  </datafield>
  <datafield tag="909" ind1="C" ind2="O">
    <subfield code="o">oai:zaguan.unizar.es:109548</subfield>
    <subfield code="p">driver</subfield>
    <subfield code="p">tesis</subfield>
  </datafield>
  <datafield tag="910" ind1="2" ind2=" ">
    <subfield code="a"></subfield>
    <subfield code="b"> </subfield>
  </datafield>
  <datafield tag="980" ind1=" " ind2=" ">
    <subfield code="a">TESIS</subfield>
  </datafield>
</record>
</collection>